| 000 | 00777nam a2200265 4500 | ||
|---|---|---|---|
| 003 | OSt | ||
| 005 | 20260601193403.0 | ||
| 008 | 260506b2006 maua|||| |||| 00| 0 eng d | ||
| 020 | _a1592532829 | ||
| 020 | _a9781592532827 | ||
| 040 |
_aICI _bspa _cICI |
||
| 041 | _aeng | ||
| 050 |
_aZ246 _bB47 2006b |
||
| 100 | 1 |
_aGodfrey, Jason, _eautor _935182 |
|
| 245 | 1 |
_aThe Best of brochure design 9 / _cJason Godfrey |
|
| 264 |
_aGloucester, Massachusetts : _bRockport Publishers, _c2006 |
||
| 300 |
_a240 páginas : _bilustraciones |
||
| 336 |
_atexto _2rdacontent |
||
| 337 |
_asin medio _2rdamedia |
||
| 338 |
_avolumen _2rdacarrier |
||
| 650 |
_aFolletos _xDiseño _935183 |
||
| 650 |
_aVolantes publicitarios _935184 |
||
| 650 |
_aArte comercial _935185 |
||
| 942 |
_2lcc _cB _n1 |
||
| 999 |
_c21038 _d21038 |
||